000 00485nam a2200193 a 4500
001 1765635237789
003 YourLibrary
005 20251216152705.0
008 251213s2000##################000#0#eng##
020 _a9780827606890
082 0 4 _a221.6
_bSAR
100 1 _aSarna, Nahum M.,
_eauthor.
245 1 0 _aStudies in Biblical Interpretation :
260 _c2000.
300 _a488 pages
650 0 _aReligion.
942 _cENGLISH
040 _aYourLibrary
_beng
_cYourLibrary
999 _c602665
_d602665